zpět

Detail výsledku týmu

Lidové sady, Liberec

Datum a čas kvízu

32.5 Celkem bodů Celkový počet nahraných bodů na tomto kvízu bez doplňovacích otázek.
12. Pořadí na kvízu Konečné umístění týmu na tomto kvízu.

Zaznamenané odpovědi

# Otázka Odpověď Body Výsledky
1. Neustálé zdražování služeb Čes... Zásilkovna 1
2. Saúdská Arábie jmenovala svoji... Spojené státy americké 0
3. Svět módy přišel v úterý o svo... C 1
4. V úterý byla v České republice... Apple Pay 1
5. Úřadující mistr světa v automo... Zlatý volant 1
6. Cestovatel Miroslav Zikmund os... Tatra 87 0
7. Dne 31. července 1947, což byl... Tobruk 1
8. Dne 28. ledna 1948 vztyčili ce... C 0
9. V prvním červencovém týdnu se... Buenos Aires 1
10. Kdo by se chtěl o výpravách ob... ve Zlíně 0